| 000 | 00789na a2200241 4500 | ||
|---|---|---|---|
| 001 | 23973 | ||
| 003 | MIRAKIL | ||
| 005 | 20181213155325.0 | ||
| 008 | 180205b tu 000 0 | ||
| 020 | _a9789944405690 | ||
| 040 |
_aMilas _btur _cTR-AnCHP |
||
| 041 | _atur | ||
| 082 |
_a342.02 _bY35 2011 |
||
| 090 | _a342.02 Y35 2011 | ||
| 245 |
_aYeni anayasa yuvarlak masa toplantıları dizisi: yeni anayasanın beş _cTürk Sanayicileri ve İşadamları Derneği (TÜSİAD) |
||
| 260 |
_aİstanbul _bTÜSİAD _c2011 |
||
| 300 |
_a57 s. _c27 sm. |
||
| 440 |
_aTÜSİAD _vyayın no : TÜSİAD-T/2011/03/513 |
||
| 650 |
_aYeni Anayasa _xTemel ilkeler _zTürkiye |
||
| 650 |
_aAnayasa hukuku _xTürkiye |
||
| 710 | _aTürk Sanayicileri ve İşadamları Derneği | ||
| 942 |
_2ddc _cBKS |
||
| 999 |
_c10538 _d10538 |
||